000
003210000a22001450004500
005
20120302062652.0
942
_c
BOOK
100
_a
OSHO
_c
245
_a
AMRUTASHI PUNHA SAPTAPADI
260
_a
PUNE : SWAMI AMRUT BODHIDHARMA
300
_a
64 P.
040
_a
MAR
365
_b
RS. 15/-
650
_a
ADHYATMA / OSHO
999
_c
357336
_d
357333